A pocket guide to business for engineers and surveyors (Record no. 112867)

MARC details
000 -LEADER
fixed length control field 00660cam a22002055a 4500
001 - CONTROL NUMBER
control field L154156
008 - FIXED-LENGTH DATA ELEMENTS--GENERAL INFORMATION
fixed length control field 111020s2011 xxk f 000 0 eng d
020 ## - INTERNATIONAL STANDARD BOOK NUMBER
International Standard Book Number 9780471758495
035 ## - SYSTEM CONTROL NUMBER
System control number (Sirsi) u154156
041 0# - LANGUAGE CODE
Language code of text/sound track or separate title eng
050 04 - LIBRARY OF CONGRESS CALL NUMBER
Classification number 658.022
100 1# - MAIN ENTRY--PERSONAL NAME
Personal name Bergeron, H. Edmund
245 02 - TITLE STATEMENT
Title A pocket guide to business for engineers and surveyors
260 ## - PUBLICATION, DISTRIBUTION, ETC.
Place of publication, distribution, etc. New Jersey
Name of publisher, distributor, etc. John Wiley & Sons
Date of publication, distribution, etc. 2009
520 ## - SUMMARY, ETC.
Summary, etc. Gives advice on business skills relevant to surveyors, including improving career progression, starting a company and teambuilding.
590 ## - LOCAL NOTE (RLIN)
Local note KA
651 #4 - SUBJECT ADDED ENTRY--GEOGRAPHIC NAME
Geographic name United Kingdom
Chronological subdivision
690 ## - LOCAL SUBJECT ADDED ENTRY--TOPICAL TERM (OCLC, RLIN)
Topical term or geographic name as entry element MANAGEMENT-BUSINESS MANAGEMENT
942 ## - ADDED ENTRY ELEMENTS (KOHA)
Suppress in OPAC 0
Holdings
Withdrawn status Lost status Source of classification or shelving scheme Damaged status Not for loan Home library Current library Shelving location Date acquired Cost, normal purchase price Total Checkouts Full call number Barcode Date last seen Copy number Cost, replacement price Price effective from Koha item type
    Dewey Decimal Classification     London London Books 24/10/2011 40.38   658.022 BER 30079520 06/08/2019 1 40.38 06/08/2019 Book